Oxford progressive colour dictionary / (Record no. 9695)
[ view plain ]
| 000 -LEADER | |
|---|---|
| fixed length control field | 00890nam a22002652a 4500 |
| 001 - CONTROL NUMBER | |
| JCCL Control Number | 9695 |
| 003 - CONTROL NUMBER IDENTIFIER | |
| JCCL marc code | BD - JhCC |
| 005 - DATE AND TIME OF LATEST TRANSACTION | |
| control field | 20180328165812.0 |
| 008 - FIXED-LENGTH DATA ELEMENTS--GENERAL INFORMATION | |
| fixed length control field | 180322s1973 enka 000 0 eng d |
| 035 ## - SYSTEM CONTROL NUMBER | |
| system control number | OCLC ocm03567584 from D951121M |
| -- | (BD - JhCC)9695 |
| 040 ## - CATALOGING SOURCE | |
| Original cataloging agency | GPM |
| Transcribing agency | GPM |
| Modifying agency | EQO |
| -- | BD - JhCC |
| 041 ## - LANGUAGE CODE | |
| Language code of Book | eng |
| 082 ## - DEWEY DECIMAL CLASSIFICATION NUMBER | |
| Author mark and Year | HOR 1973 |
| Classification number | 423 |
| 090 ## - LOCALLY ASSIGNED LC-TYPE CALL NUMBER (OCLC); LOCAL CALL NUMBER (OCLC) | |
| Classification number (OCLC) (R) ; Classification number, CALL (RLIN) (NR) | PE1628 |
| Local cutter number (OCLC) ; Book number/undivided call number, CALL (RLIN) | .H55 |
| 100 1# - MAIN ENTRY--PERSONAL NAME | |
| Personal name | Hornby, Albert Sydney. |
| 245 10 - TITLE STATEMENT | |
| Title | Oxford progressive colour dictionary / |
| Statement of responsibility, etc | A. S. Hornby, E. C. Parnwell |
| 260 ## - PUBLICATION, DISTRIBUTION, ETC. (IMPRINT) | |
| Place of publication, distribution, etc | Oxford University Press : |
| Name of publisher, distributor, etc | London, |
| Date of publication, distribution, etc | 1973. |
| 300 ## - PHYSICAL DESCRIPTION | |
| Pagination | 186 p. : |
| Other physical details | ill. ; |
| Dimensions | 26 cm |
| 500 ## - GENERAL NOTE | |
| General note | "The text ... is taken from the second edition of The progressive English dictionary ... 1972." |
| 650 #0 - SUBJECT ADDED ENTRY--TOPICAL TERM | |
| Topical term or geographic name as entry element | English language |
| Form subdivision | Dictionaries |
| 700 1# - ADDED ENTRY--PERSONAL NAME | |
| Personal name | Parnwell, E. C. |
| 700 12 - ADDED ENTRY--PERSONAL NAME | |
| Personal name | Hornby, Albert Sydney. |
| Title of a work | Progressive English dictionary. |
| 942 ## - ADDED ENTRY ELEMENTS (KOHA) | |
| Source of classification or shelving scheme | Dewey Decimal Classification |
| Koha item type | Reference |
| Source of classification or shelving scheme | Damaged status | Not for loan | Home library | Current library | Shelving location | Total Checkouts | Full call number | Barcode | Date last seen | Copy number | Koha item type |
|---|---|---|---|---|---|---|---|---|---|---|---|
| Dewey Decimal Classification | JCC Rouf Library | JCC Rouf Library | General Stacks | 423 HOR 1973 | 12770 | 03/22/2018 | C - 1 | Reference | |||
| Dewey Decimal Classification | JCC Rouf Library | JCC Rouf Library | General Stacks | 423 HOR 1973 | 12769 | 03/22/2018 | C - 2 | Reference | |||
| Dewey Decimal Classification | JCC Rouf Library | JCC Rouf Library | General Stacks | 423 HOR 1973 | 12768 | 03/22/2018 | C - 3 | Reference | |||
| Dewey Decimal Classification | JCC Rouf Library | JCC Rouf Library | General Stacks | 423 HOR 1973 | 12767 | 03/22/2018 | C - 4 | Reference |